00763pam a2200205 a 4500020002700000020002300027040000800050082002600058100002100084245006600105260006400171300003200235650003100267650002000298650004300318700001900361856005900380856006300439856005500502 a0521331587 (hardcover) a0521337461 (paper) cDLC00a330 CAM 1992 A075 Or.1 aLeonard, Daniel.10aOptimal control theory and static optimization in economics / aCambridge ;aNew York :bCambridge University Press,c1992. ax, 353 p. :bill. ;c24 cm. 0aMathematical optimization. 0aControl theory. 0aStatics and dynamics (Social sciences)1 aLong, Ngo van.41uhttp://www.loc.gov/catdir/samples/cam031/91014126.html42uhttp://www.loc.gov/catdir/description/cam024/91014126.html41uhttp://www.loc.gov/catdir/toc/cam025/91014126.html